Bratislava hľadá svoj príbeh

Problematika zviditeľnenia Bratislavy. Činnosť Oblastnej organizácie cestovného ruchu v Bratislave - Bratislava Tourist Board (BTB). Pozitíva mesta ako destinácie v cestovnom ruchu. Konkurenčná Viedeň a Budapešť. Využitie potenciálu.

Guardado en:
Detalles Bibliográficos
Autor principal: Horváthová, Jarmila
Formato: Capítulo de libro
Lenguaje:eslovaco
Materias:
Etiquetas: Agregar Etiqueta
Sin Etiquetas, Sea el primero en etiquetar este registro!

MARC

LEADER 00000naa a2200000 4500
001 0230046
005 20170512111439.3
041 0 |a slo 
044 |a SK 
245 1 0 |a Bratislava hľadá svoj príbeh  |c Jarmila Horváthová 
520 |a Problematika zviditeľnenia Bratislavy. Činnosť Oblastnej organizácie cestovného ruchu v Bratislave - Bratislava Tourist Board (BTB). Pozitíva mesta ako destinácie v cestovnom ruchu. Konkurenčná Viedeň a Budapešť. Využitie potenciálu. 
610 2 0 |a ruch cestovný 
610 2 0 |a organizácie 
610 2 0 |a financie 
610 2 0 |a financovanie 
610 2 0 |a mestá 
610 2 0 |a marketing 
610 2 0 |a Slovensko 
100 1 |a Horváthová, Jarmila